000 00685nam a2200289Ia 4500
005 20260324131940.0
008 008 260324s9999 xx 000 0 eng d
020 _a9780203862261
037 _aEBOOK
040 _aCRL
040 _beng
040 _cCRL
041 _2eng
041 _aeng
084 _qCRL
100 _aRobert E Stevens; Bruce Wrenn; David L Loudon
_91187455
245 0 _aMarketing Management
245 0 _bText and Cases
260 _bTaylor and Francis
260 _c2005
365 _a
365 _b230
856 _uhttp://www.taylorfrancis.com/books/9780203862261
942 _cEBOOK
999 _c1785068
_d1785068